000 00196nam a2200109Ia 4500
100 _a#N/A
942 _cBK
654 _aPlayware
245 _aPlayware
260 _b#N/A
_c2003
546 _aENGLISH
999 _c23823
_d23823